العجم فى اصحاب القاضى الامام ابى على الصدفى / (Record no. 59487)
[ view plain ]
| 000 -الفاتح | |
|---|---|
| حقل البيانات ثابتة الطول | 00874nam a2200217Ia 4500 |
| 008 - عناصر البيانات ثابتة الطول - معلومات عامة | |
| حقل البيانات ثابتة الطول | 140319s9999 xx 000 0 ara d |
| 040 ## - مصدر الفهرسة | |
| وكالة الفهرسة الأصلية | GCL / |
| وكالة النسخ | GCL |
| 082 04 - رقم تصنيف ديوى العشرى | |
| رقم التصنيف | م |
| رقم المادة | 925.03 |
| -- | ا م |
| 100 1# - المدخل الرئيسى - إسم شخصى | |
| الإسم الشخصى | ابن الابار : ابوعبدالله محمد بن عبدالله بن ابى بكر |
| 245 10 - بيان العنوان | |
| العنوان | العجم فى اصحاب القاضى الامام ابى على الصدفى / |
| بيان المسئوليه,etc | ابن الابار : ابوعبدالله محمد بن عبدالله بن ابى بكر |
| 260 ## - PUBLICATION, DISTRIBUTION, ETC. (IMPRINT) | |
| تاريخ النشر أو التوزيع | 1967 |
| 300 ## - الوصف المادى | |
| التعداد | 336 ص |
| 490 ## - بيان السلسلة | |
| عنوان السلسلة | الدين الخالص |
| رقم المجلد/ التعيين التسلسلي | 0 |
| 650 04 - المدخل الاضافى بالموضوع-مصطلح موضوعى | |
| مصطلح موضوعي | العلماء |
| 650 04 - المدخل الاضافى بالموضوع-مصطلح موضوعى | |
| مصطلح موضوعي | المعاجم |
| 650 04 - المدخل الاضافى بالموضوع-مصطلح موضوعى | |
| مصطلح موضوعي | العلماء العرب |
| 650 04 - المدخل الاضافى بالموضوع-مصطلح موضوعى | |
| مصطلح موضوعي | الائمة والاولياء |
| 650 04 - المدخل الاضافى بالموضوع-مصطلح موضوعى | |
| مصطلح موضوعي | العلماء الاندلسين |
| 942 ## - عناصر المدخل الإضافي( كوها) | |
| مصدر التصنيف او مخطط الترفيف | Dewey Decimal Classification |
| Koha [default] item type | المراجع |
| 260 ## - PUBLICATION, DISTRIBUTION, ETC. (IMPRINT) | |
| -- | [S.N] : |
| -- | دار الكاتب العربى للطباعة والنشر ، |
| حالة التراجع | حالة الفقد | حالة تلف | ليس للاعارة | المكان المؤقت | الموقع الحالى | تاريخ الاكتساب | اجمالي اﻻعارات | رقم الطلب | الباركود | تاريخ اخر مشاهدة | تاريخ تفعيل السعر | نوع وعاء كوها |
|---|---|---|---|---|---|---|---|---|---|---|---|---|
| مكتبة القاهرة الكبرى | مكتبة القاهرة الكبرى | 03/26/2014 | م\925.03\ا م | 155703 | 03/26/2014 | 03/26/2014 | المراجع | |||||
| مكتبة القاهرة الكبرى | مكتبة القاهرة الكبرى | 03/26/2014 | م\925.03\ا م | 155704 | 03/26/2014 | 03/26/2014 | المراجع | |||||
| مكتبة القاهرة الكبرى | مكتبة القاهرة الكبرى | 03/26/2014 | م\925.03\ا م | 155705 | 03/26/2014 | 03/26/2014 | المراجع | |||||
| مكتبة القاهرة الكبرى | مكتبة القاهرة الكبرى | 03/26/2014 | م\925.03\ا م | 155706 | 03/26/2014 | 03/26/2014 | المراجع | |||||
| مكتبة القاهرة الكبرى | مكتبة القاهرة الكبرى | 03/26/2014 | م\925.03\ا م | 155707 | 03/26/2014 | 03/26/2014 | المراجع | |||||
| مكتبة القاهرة الكبرى | مكتبة القاهرة الكبرى | 03/26/2014 | م\925.03\ا م | 155708 | 03/26/2014 | 03/26/2014 | المراجع | |||||
| مكتبة القاهرة الكبرى | مكتبة القاهرة الكبرى | 03/26/2014 | م\925.03\ا م | 155709 | 03/26/2014 | 03/26/2014 | المراجع | |||||
| مكتبة القاهرة الكبرى | مكتبة القاهرة الكبرى | 03/26/2014 | م\925.03\ا م | 155710 | 03/26/2014 | 03/26/2014 | المراجع |

